| 000 | 00775cam a2200205 a 4500 | ||
|---|---|---|---|
| 020 | _a9789211128536 | ||
| 020 | _a9211128536 | ||
| 040 | _cBTCTA | ||
| 082 | _a338 UNI 2012 A077 Or. | ||
| 245 | 0 | 0 |
_aEconomic development in Africa report 2012 : _bstructural transformation and sustainable development in Africa / |
| 246 | 3 | 0 | _aStructural transformation and sustainable development in Africa |
| 260 |
_aNew York : _bUnited Nations, _c2012. |
||
| 300 |
_aix, 149 p. : _bill. ; _c22 cm. |
||
| 490 | 1 | _aEconomic development in Africa, | |
| 650 | 0 | _aEconomic development | |
| 650 | 0 | _aSustainable development | |
| 710 | 2 | _aUnited Nations Conference on Trade and Development. | |
| 856 | 4 | 1 | _uhttp://unctad.org/en/PublicationsLibrary/aldcafrica2012_embargo_en.pdf |
| 942 | _cEK | ||
| 999 |
_c15506 _d15506 |
||